|
|
|
|
| LEADER |
00000nam0a2200000 4500 |
| 001 |
36436 |
| 005 |
20231031001849.0 |
| 035 |
|
|
|a (RuTPU)RU\TPU\book\36909
|
| 035 |
|
|
|a BOOK00003561
|
| 090 |
|
|
|a 36436
|
| 100 |
|
|
|a 20011210d1991 k y0rusy50 ca
|
| 101 |
0 |
|
|a rus
|
| 102 |
|
|
|a RU
|
| 105 |
|
|
|a a z 001zy
|
| 200 |
1 |
|
|a Теория случайных процессов и ее инженерные приложения
|f Е. С. Вентцель, Л. А. Овчаров
|
| 210 |
|
|
|a Москва
|c Наука
|d 1991
|
| 215 |
|
|
|a 384 с.
|c ил.
|
| 225 |
1 |
|
|a Физико-математическая библиотека инженера
|
| 320 |
|
|
|a Предм. указ.: с. 380-381.
|
| 451 |
|
1 |
|0 (RuTPU)RU\TPU\book\30321
|y 5-06-003831-9
|t Теория случайных процессов и ее инженерные приложения
|o учебное пособие для вузов
|f Е. С. Вентцель, Л. А. Овчаров
|e 2-е изд., стер.
|c М.
|n Высшая школа
|d 2000
|p 383 с.
|s Высшая математика для втузов
|a Вентцель, Елена Сергеевна
|
| 610 |
1 |
|
|a случайные процессы
|
| 610 |
1 |
|
|a теория
|
| 610 |
1 |
|
|a инженерные приложения
|
| 610 |
1 |
|
|a потоки событий
|
| 610 |
1 |
|
|a марковские процессы
|
| 675 |
|
|
|a 519.216
|v 3
|
| 700 |
|
1 |
|a Вентцель
|b Е. С.
|g Елена Сергеевна
|
| 701 |
|
1 |
|a Овчаров
|b Л. А.
|g Лев Александрович
|
| 801 |
|
0 |
|a RU
|b 63413507
|c 20011210
|g PSBO
|
| 801 |
|
2 |
|a RU
|b 63413507
|c 20130513
|g PSBO
|
| 900 |
|
|
|a Теория информации и ее приложение в автоматизированных системах
|
| 942 |
|
|
|c BK
|